Guess the F1 car by the picture. - Statistics

General Stats
  • This quiz has been taken 423 times
  • The average score is 9 of 12
Answer Stats
Picture Answer % Correct
2012 Red Bull
95%
2019 McLaren
89%
2021 Williams
88%
2019 Mercedes
86%
2021 Ferrari
86%
1988 McLaren
85%
2006 McLaren
80%
2019 Reanault
80%
2019 Toro Rosso
77%
2019 Alfa Romeo
74%
1978 Lotus
56%
1983 Benetton
23%
No matching quizzes found
Score Distribution
Percent of People with Each Score
Percentile by Number Answered
Your Score History
You have not taken this quiz